00845nam a2200241Ia 450000100060000000300090000600800410001504000130005604000130006904100130008210000170009510000290011224500280014124500280016925000110019726000210020826000140022926000490024330000430029250002130033565000240054865000310057212218IT-RoPAU130308s9999 xx 000 0 und d aIT-RoPAU cIT-RoPAU aFRANCESE aJean Georges gCodice Aut. SPICS: 5237 aPouvoir des contes (Le) bPouvoir des Contes (Le) a1a ed. aTOURNAI (BELGIO) bCasterman c1981 [1° Ed.:1981 - Ed.Ling.Originale:1981] a"240 p. (prefazione: no ; testo: 240)" aPotere dei Racconti Origine dei Racconti Dai Miti al Romanzo Meraviglioso e immaginario Fantastico magico ruoli e Personaggi Tempo Narrativo Funzione dei Racconti Cerimonia del Racconto dal Detto Allo Scritto aSAGGI DI SEMIOLOGIA eCodice materia Spics: 3257